El voto nulo electoral como una opción de voto libre ciudadano /
Zapisane w:
| Korporacja: | |
|---|---|
| Kolejni autorzy: | |
| Format: | Texto |
| Etykiety: |
Dodaj etykietę
Nie ma etykietki, Dołącz pierwszą etykiete!
|
MARC
| LEADER | 00000 a a2200000 04500 | ||
|---|---|---|---|
| 001 | 48799 | ||
| 003 | |||
| 040 | |||
| 110 | |a Colectivo de Reflexión y Acción Ciudadana | ||
| 245 | |a El voto nulo electoral como una opción de voto libre ciudadano / |c Colectivo de Reflexión y Acción Ciudadana ; coordinado por Enrique Trigueros M. | ||
| 700 | |a Trigueros M., Enrique |e coordinador | ||
| 773 | |a volumen69, número739, (2014), páginas 375-397 | ||
| 999 | |c 31087 |d 31087 | ||
